[Event "zonal 1.9 (w)"]
[Site "Alushta UKR"]
[Date "1999.??.??"]
[Round "?"]
[White "Zhukova, Natalia"]
[Black "Dolzhikova, Olga"]
[Result "1/2-1/2"]
[WhiteElo "2456"]
[BlackElo "2213"]
[EventDate "1999.04.27"]
[PlyCount "82"]

1.d4 Nf6 2.Nf3 g6 3.Bf4 Bg7 4.e3 O-O 5.h3 c5 6.c3 b6 7.Nbd2 Bb7 8.Be2 d6 
9.O-O Nbd7 10.Qb1 e5 11.dxe5 dxe5 12.Bh2 e4 13.Ne1 Qe7 14.Nc4 Ne8 15.Nc2 
Ne5 16.Nxe5 Bxe5 17.Bxe5 Qxe5 18.Na3 Nd6 19.Nc4 Nxc4 20.Bxc4 Rad8 21.Rd1 
Rd6 22.Rxd6 Qxd6 23.Qd1 Rd8 24.Qxd6 Rxd6 25.Kf1 Bd5 26.Be2 Kf8 27.Rd1 Ke7 
28.b3 a5 29.Ke1 Be6 30.Bb5 Rxd1+ 31.Kxd1 Kd6 32.Kc2 Ke5 33.Kd2 g5 34.Be2 
a4 35.c4 axb3 36.axb3 f5 37.Bh5 Bd7 38.Kc3 b5 39.cxb5 Bxb5 40.g3 Bf1 41.h4
h6 1/2-1/2

[Event "zonal 1.9 (w)"]
[Site "Alushta UKR"]
[Date "1999.??.??"]
[Round "?"]
[White "Zhukova, Natalia"]
[Black "Lymar, Irina"]
[Result "1-0"]
[WhiteElo "2456"]
[BlackElo "2305"]
[EventDate "1999.04.27"]
[PlyCount "95"]

1.d4 Nf6 2.Nf3 g6 3.c4 Bg7 4.Nc3 O-O 5.Bf4 d6 6.e3 c5 7.Be2 Nbd7 8.h3 b6 
9.O-O Bb7 10.d5 a6 11.a4 Ne8 12.e4 h6 13.Re1 Kh7 14.Bf1 Ne5 15.Nd2 Nc7 16.
Bg3 e6 17.f4 Nd7 18.dxe6 Nxe6 19.f5 Nd4 20.Bxd6 Re8 21.Bh2 Ne5 22.Nd5 Bxd5
23.fxg6+ fxg6 24.exd5 Qg5 25.Kh1 Rf8 26.Ra3 Rf5 27.Rg3 Qh4 28.Rge3 Qg5 29.
Nf3 Nexf3 30.gxf3 Raf8 31.f4 Rxf4 32.Bxf4 Qxf4 33.Qg4 Qxg4 34.hxg4 Nc2 35.
Bd3 Nxe3 36.Rxe3 Bxb2 37.Re7+ Kg8 38.Bxg6 Rf6 39.Bf5 h5 40.Re2 Bd4 41.Be6+
Kf8 42.gxh5 Rf4 43.d6 Ke8 44.d7+ Kd8 45.Bh3 Bf6 46.Re8+ Kc7 47.Rc8+ Kb7 
48.Bg2+ 1-0

[Event "zonal 1.9 (w)"]
[Site "Alushta UKR"]
[Date "1999.??.??"]
[Round "?"]
[White "Zhukova, Natalia"]
[Black "Semenova, Lidia"]
[Result "0-1"]
[WhiteElo "2456"]
[BlackElo "2280"]
[EventDate "1999.04.27"]
[PlyCount "84"]

1.d4 d5 2.c4 dxc4 3.e3 e5 4.Bxc4 Nc6 5.Nf3 e4 6.Nfd2 Qg5 7.Kf1 Nf6 8.Nc3 
Qg6 9.a3 Bd6 10.b4 O-O 11.Bb2 Bd7 12.h3 h5 13.Bb3 h4 14.Bc2 Bf5 15.Qb1 
Rfe8 16.b5 Nb8 17.a4 Nbd7 18.Ba3 Bxa3 19.Rxa3 a6 20.Qa2 c5 21.bxc6 bxc6 
22.Bb3 c5 23.Ne2 Nh5 24.Kg1 cxd4 25.Nxd4 Ne5 26.Kh2 Qd6 27.Kg1 Bg6 28.Bd1 
Rac8 29.Qa1 Nf6 30.g3 Nd3 31.Rxd3 exd3 32.gxh4 Ne4 33.N2f3 Rc3 34.Kg2 Qa3 
35.Qxa3 Rxa3 36.Bb3 Nc5 37.Bd5 Nxa4 38.Nd2 Nc3 39.Bc6 Rb8 40.Rc1 Ne2 41.
Nxe2 dxe2 42.e4 Rc3 0-1

[Event "zonal 1.9 (w)"]
[Site "Alushta UKR"]
[Date "1999.??.??"]
[Round "?"]
[White "Zhukova, Natalia"]
[Black "Zatonskikh, Anna"]
[Result "1/2-1/2"]
[WhiteElo "2456"]
[BlackElo "2326"]
[EventDate "1999.04.27"]
[PlyCount "83"]

1.d4 e6 2.c4 Nf6 3.Nf3 b6 4.e3 Bb7 5.Bd3 c5 6.O-O g6 7.Nc3 Bg7 8.d5 exd5 
9.cxd5 Nxd5 10.Nxd5 Bxd5 11.Bxg6 hxg6 12.Qxd5 Nc6 13.e4 Qe7 14.Rb1 O-O 15.
a3 Rfe8 16.Ng5 Nd4 17.Be3 Ne6 18.Nf3 Nc7 19.Qb7 Nb5 20.Rbd1 Qxe4 21.Qxd7 
Nd4 22.Bxd4 Red8 23.Qxf7+ Kxf7 24.Ng5+ Kg8 25.Nxe4 Bxd4 26.b3 a5 27.a4 
Rab8 28.Rd3 b5 29.axb5 Rxb5 30.Rg3 Kg7 31.h4 Kh6 32.Rf3 Rdb8 33.Nd2 Rb4 
34.Re1 R8b7 35.Re6 a4 36.bxa4 Rxa4 37.g4 c4 38.Ne4 c3 39.Rc6 Be5 40.g5+ 
Kh5 41.Nxc3 Rxh4 42.Re3 1/2-1/2

[Event "zonal 1.9 (w)"]
[Site "Alushta UKR"]
[Date "1999.??.??"]
[Round "?"]
[White "Zozulia, Anna"]
[Black "Kostiuk, Tatiana"]
[Result "1/2-1/2"]
[WhiteElo "2327"]
[BlackElo "2175"]
[EventDate "1999.04.27"]
[PlyCount "103"]

1.e4 Nf6 2.e5 Nd5 3.d4 d6 4.c4 Nb6 5.exd6 exd6 6.Nc3 Be7 7.Bd3 Nc6 8.Be3 
O-O 9.b3 Re8 10.Nge2 Bg5 11.Qd2 Bxe3 12.fxe3 Qh4+ 13.g3 Qg5 14.e4 Qxd2+ 
15.Kxd2 Bg4 16.Raf1 Nd7 17.Rf4 Nf6 18.a3 a5 19.Ke3 Re7 20.h3 Bxe2 21.Bxe2 
Nd8 22.Nd5 Nxd5+ 23.cxd5 c6 24.dxc6 bxc6 25.Rc1 Rb8 26.Rc3 Ne6 27.Rf5 c5 
28.dxc5 Nxc5 29.Bd3 g6 30.Rd5 Rb6 31.Bc2 f5 32.e5 Kf8 33.Kf3 Nb7 34.exd6 
Rxd6 35.Rxd6 Nxd6 36.Rc5 Nb7 37.Rc6 Ke8 38.Bd3 Kd7 39.Bb5 Re5 40.a4 Nd6 
41.Rc5+ Ke6 42.Bc4+ Nxc4 43.Rxc4 Kd6 44.b4 axb4 45.Rxb4 Kc6 46.Kf4 Re1 47.
h4 Ra1 48.Ke5 Ra3 49.g4 Kc5 50.Rb5+ Kc6 51.Rb4 Kc5 52.Rb5+ 1/2-1/2

[Event "zonal 1.9 (w)"]
[Site "Alushta UKR"]
[Date "1999.??.??"]
[Round "?"]
[White "Zozulia, Anna"]
[Black "Melamed, Tatiana"]
[Result "1/2-1/2"]
[WhiteElo "2327"]
[BlackElo "2328"]
[EventDate "1999.04.27"]
[PlyCount "97"]

1.e4 c5 2.Nf3 d6 3.d4 cxd4 4.Nxd4 Nf6 5.Nc3 g6 6.Be2 Bg7 7.O-O O-O 8.Re1 
Nc6 9.Nb3 b6 10.Bf1 Bb7 11.Bg5 Re8 12.Qd2 Rc8 13.Nd5 Ne5 14.Bxf6 exf6 15.
Bb5 Rf8 16.Qe2 f5 17.Rad1 fxe4 18.Qxe4 a6 19.Bf1 Kh8 20.c3 b5 21.a4 Nc4 
22.axb5 axb5 23.Qc2 Re8 24.Nb4 Qg5 25.Qc1 Qxc1 26.Rxe8+ Rxe8 27.Rxc1 Nxb2 
28.Bxb5 Rc8 29.c4 Be4 30.Na6 Bd3 31.Na5 Bh6 32.Ra1 Nxc4 33.Nb7 d5 34.Nb4 
Be4 35.f3 Be3+ 36.Kh1 Bd4 37.Rc1 Bf5 38.Nxd5 Nb6 39.Rxc8+ Nxc8 40.g4 Be6 
41.Nf4 Bb3 42.Kg2 Kg7 43.Na5 Ba2 44.Nc6 Bc3 45.h4 Nd6 46.Bd3 Bd2 47.Ne2 
Bd5 48.Ncd4 Nc4 49.Ng3 1/2-1/2